书目信息 |
| 题名: |
光学仪器装配与校正
|
|
| 作者: | ;北京工业学院 编 | |
| 分册: | ||
| 出版信息: | 北京 国防工业出版社 1980.12 |
|
| 页数: | 234页 | |
| 开本: | 26cm | |
| 丛书名: | ||
| 单 册: | ||
| 中图分类: | TH74 | |
| 科图分类: | ||
| 主题词: | 光学仪器 | |
| 电子资源: | ||
| ISBN: | ||
| 000 | 00535nam0 2200181 45 | |
| 001 | 0312221749 | |
| 005 | 20051102143142.12 | |
| 010 | @dCNY1.55 | |
| 100 | @a20031222d1980 km y0chiy0120 ea | |
| 101 | @achi | |
| 200 | 1 | @a光学仪器装配与校正@AGuang Xue Yi Qi Zhuang Pei Yu Jiao Zheng@f北京工业学院编@FBei Jing Gong Ye Xue Yuan Bian |
| 210 | @a北京@c国防工业出版社@d1980.12 | |
| 215 | @a234页@d26cm | |
| 606 | 0 | @a光学仪器 |
| 690 | @aTH74@v3 | |
| 711 | 0 | @a北京工业学院@4编 |
| 801 | @aCN@bTSTCL@c20051102 | |
| 905 | @a213230@dTH74@e1@b74306@f1 | |
| 光学仪器装配与校正/北京工业学院编.-北京:国防工业出版社,1980.12 |
| 234页;26cm |
| ISBN :CNY1.55 |
| ● |
| 相关链接 |
|
|
|
|
正题名:光学仪器装配与校正
索取号:TH74/1
 
预约/预借
| 序号 | 登录号 | 条形码 | 馆藏地/架位号 | 状态 | 备注 |
| 1 | 0074304 | 202134154 | 密集书库/ [索取号:TH74/1] | 在馆 | |
| 2 | 0074305 | 202134190 | 密集书库/ [索取号:TH74/1] | 在馆 | |
| 3 | 0074306 | 001366088 | 第二样本阅览室/ [索取号:TH74/1] | 在馆 |